• 首页
  • 本馆介绍
  • 公告通知
  • 最新文献
  • 馆藏检索
  • 电子资源
  • 读者导购
  • 参考咨询
  • 我的图书馆
  • 登录
  • 详细信息显示
  • 放入我的书架
  • 预约/预借图书
  • 作者相关作品
  • 分类相关作品
  • 丛书相关作品
  • 出版社相关作品

书目信息

  • 表格格式
  • 工作单格式
  • 卡片格式
题名:
电影放映机
    
 
作者: 傅肃雍 编
分册:  
出版信息: 北京   科学出版社  1981.12
页数: 440页
开本: 20cm
丛书名:
单 册:
中图分类: TB857
科图分类:
主题词: 摄影--机具 , 摄影--设备
电子资源:
ISBN:
000 00538nam0 2200205 45
001 0312221749
005 20031222170908.7
010    @dCNY1.45
100    @a20031222d1981 km y0chiy0120 ea
101    @achi
105    @a z 000yy
200 1  @a电影放映机@ADian Ying Fang Ying Ji@f傅肃雍编@FFu Su Yong Bian
210    @a北京@c科学出版社@d1981.12
215    @a440页@d20cm
606 0  @a摄影@x机具
606 0  @a摄影@x设备
690    @aTB857@v3
701 0  @a傅肃雍@4编
801    @aCN@bTSTCL@c20031222
905    @a213230@dTB857@e2@b63533@f1
    
    电影放映机/傅肃雍编.-北京:科学出版社,1981.12
    440页;20cm
    
    
    ISBN :CNY1.45
    
●
相关链接 在E读中查询图书 在五车中查询图书 在当当中查询图书 在豆瓣中查询图书


正题名:电影放映机     索取号:TB857/2         预约/预借

序号 登录号 条形码 馆藏地/架位号 状态 备注
1 0063533   001359746   第二样本阅览室/ [索取号:TB857/2] 在馆    
唐山师范学院图书馆 欢迎您!
大连网信软件有限公司© 版权所有